LEADER 00979nam a2200253 i 4500 001 000000074103 003 CaOOAMICUS 005 20120613000000.0 008 120613s1973 it u000 u ita u 013 $a45275 040 $aSeMil$bita 100 1 $aGeets, Claude.$0(OLS)http://semarc/name/36779 240 10$aPsychanayse et morale sexuelle.$0(OLS)http://semarc/title/120227 245 10$aPsicanalisi e morale sessuale /$cClaude Geets. 260 $aMilano :$bU. Mursia & C.,$c1973. 300 $a148 p. ;$c21 cm. 490 0 $aRicerche ;$v1 600 14$aFreud, Sigmund <1856-1939>.$0(OLS)http://semarc/subject/641 830 0$aRicerche ;$v1.$0(OLS)http://semarc/title/7133 850 $aSeMil 852 $aSeMil$W1$xVenegono$y1$m2E I 361$j40255$B40255$CSeMilBibl$Z2$F40259 $81 961 $aOmaggio: Donazione 996 $6245$aPsicanalisi e morale sessuale$9(OLS)http://semarc/title/120226 996 $6260$aMilano :$bU. Mursia & C.$9(OLS)http://semarc/publisher/31860 LEADER 01364nam a2200277 i 4500 001 000000100482 003 CaOOAMICUS 005 20210722095138.0 008 171107s2015 it u000 u ita u 013 $a72634 020 $a978-88-7962-245-5 040 $aSeMil$bita 100 1 $aDalarun, Jacques <1952- >.$0(OLS)http://semarc/name/44505 240 13$aLe Cantique de frère Soleil : François d'Assise réconcilié.$0(OLS)http://semarc/title/406689 245 13$aIl Cantico di Frate Sole :$bFrancesco d'Assisi riconciliato /$cJacques Dalarun ; introduzione di Attilio Bartoli Langeli. 260 $aMilano :$bEdizioni Biblioteca Francescana,$c2015. 300 $aXXIII, 121 p. :$bill. ;$c23 cm. 650 4$aFrancesco : d'Assisi . Cantico delle creature.$0(OLS)http://semarc/subject/29189 700 1 $aBartoli Langeli, Attilio,$d<1944- >.$0(OLS)http://semarc/name/37284 850 $aSeMil 852 $aSeMil$W1$xVenegono$y1$m1O IV 219$j57584$B57584$CSeMilBibl$Z2$F67993 $81 961 $aOmaggio: Delpini mons. Mario 996 $6020$a978-88-7962-245-5$9(OLS)http://semarc/number/272492 996 $6245$aIl Cantico di Frate Sole :$bFrancesco d'Assisi riconciliato$9(OLS)http://semarc/title/406688 996 $6260$aMilano :$bEdizioni Biblioteca Francescana$9(OLS)http://semarc/publisher/29947